000
00316nam a22001337a 4500
020
_a
0-201-08584-4
082
_a
539.7 WEH'P
100
_a
WEHR, M.R,RICHARDS, J.A,ADAIR, T.W
_9
59961
245
_a
PHYSICS OF THE ATOM
250
_a
3RD
260
_a
LONDON
_b
ADDISON - WESLEY
_c
1978
300
_a
525P
942
_c
BK
999
_c
569816
_d
569816